| 000 | 00476nam a2200181Ia 4500 | ||
|---|---|---|---|
| 001 | 9454 | ||
| 005 | 20260306161719.0 | ||
| 008 | 260306t2004||||xx |||||||||||||| ||spa|| | ||
| 041 | _aESP | ||
| 082 |
_a379.098 _bM68 T. 2 |
||
| 100 |
_aZuluaga Garcés, Olga Lucía _eAUT |
||
| 245 | 0 | _aModernización de los sistemas educativos iberoamericanos siglo XX | |
| 260 | _c2004 | ||
| 300 |
_a357 páginas : _c21 cm. |
||
| 650 | _aGEN | ||
| 654 | _aCED | ||
| 942 |
_cLIB _dJUS _fJUS _2ddc _n |
||
| 999 |
_c9454 _d9454 |
||